• 首页
  • 本馆介绍
  • 公告通知
  • 最新文献
  • 馆藏检索
  • 电子资源
  • 读者导购
  • 参考咨询
  • 我的图书馆
  • 登录
  • 详细信息显示
  • 放入我的书架
  • 预约/预借图书
  • 作者相关作品
  • 分类相关作品
  • 丛书相关作品
  • 出版社相关作品

书目信息

  • 表格格式
  • 工作单格式
  • 卡片格式
题名:
历代文选
    
 
作者: 冯其庸 选注
分册: 下册  
出版信息: 北京   中国青年出版社  1963
页数: 348页
开本: 19cm
丛书名:
单 册:
中图分类: I207.6
科图分类:
主题词: 古典散文--中国--选集 , 文学--中国
电子资源:
ISBN:
000 00594nam0 2200229 45
001 0178004424
005 20070924105412.43
010    @dCNY0.90
091    @a10009.493
100    @a19950720e19781963em y0chiy0121 ea
101 0  @achi
102    @aCN@b110000
105    @ay z 000cy
200 10 @a历代文选@Ali dai wen xuan@h下册@f冯其庸等选注
210    @a北京@c中国青年出版社@d1963@h1978重印
215    @a348页@d19cm
606    @a古典散文@y中国@x选集
606 0  @a文学@x中国
690    @aI207.6
701  0 @a冯其庸@Afeng qi yong@4选注
801  0 @aCN@bNLC@c20070924
905    @dI207.6@e1:2
    
    历代文选.下册/冯其庸等选注.-北京:中国青年出版社,1963(1978重印)
    348页;19cm
    
    
    ISBN :CNY0.90
    
●
相关链接 在E读中查询图书 在五车中查询图书 在当当中查询图书 在豆瓣中查询图书


正题名:历代文选     索取号:I207.6/1:2         预约/预借

序号 登录号 条形码 馆藏地/架位号 状态 备注
1 0006890   000541514   第一样本阅览室/ [索取号:I207.6/1:2] 在馆    
2 0006892   000541453   第二借阅区/ [索取号:I207.6/1:2] 在馆    
3 0006893   000541462   密集书库/ [索取号:I207.6/1:2] 在馆    
4 0451416   204514169   密集书库/ [索取号:I207.6/1:2] 在馆    
5 0451417   204514178   密集书库/ [索取号:I207.6/1:2] 在馆    
6 0468243   204682432   密集书库/ [索取号:I207.6/1:2] 在馆    
7 0468244   204682441   密集书库/ [索取号:I207.6/1:2] 在馆    
8 0625943   206259430   密集书库/ [索取号:I207.6/1:2] 在馆    
唐山师范学院图书馆 欢迎您!
大连网信软件有限公司© 版权所有